000 00570nam a2200241Ia 4500
003 OSt
005 20220918200459.0
006 a|||||r|||| 00| 0
007 ta
008 220917b |||||||| |||| 00| 0 eng d
024 _a88,989
037 _cTextual
040 _aARTS
_cARTS
_beng
041 _2eng
_aeng
082 _aU24, J9 (UD)
100 _adury G H
_993140
245 0 _aFace of the earth
260 _c1959
490 _aPelican book
650 _aGEOGRAPHY
942 _hU24, J9 (UD)
_cTEXL
_2CC
999 _c212659
_d212659